Democracy and violence in India and Sri Lanka (Record no. 9473)

MARC details
000 -LEADER
fixed length control field 00432nam a2200169Ia 4500
020 ## - INTERNATIONAL STANDARD BOOK NUMBER
ISBN 1855672197
082 ## - DEWEY DECIMAL CLASSIFICATION NUMBER
Classification number 320.954 AUS-D
100 ## - MAIN ENTRY--AUTHOR NAME
Personal name Austin, Dennis
245 #0 - TITLE STATEMENT
Title Democracy and violence in India and Sri Lanka
260 ## - PUBLICATION, DISTRIBUTION, ETC. (IMPRINT)
Place of publication London
Name of publisher Pinter Publishers
Year of publication 1994
300 ## - PHYSICAL DESCRIPTION
Number of Pages xviii, 101
504 ## - BIBLIOGRAPHY, ETC. NOTE
Bibliography, etc includes appendix
650 ## - SUBJECT ADDED ENTRY--TOPICAL TERM
Topical Term Democracy
Geographic subdivision India
650 ## - SUBJECT ADDED ENTRY--TOPICAL TERM
Topical Term Democracy
Geographic subdivision Sri Lanka
650 ## - SUBJECT ADDED ENTRY--TOPICAL TERM
Topical Term Democracy
942 ## - ADDED ENTRY ELEMENTS (KOHA)
Koha item type Books
Source of classification or shelving scheme Dewey Decimal Classification
Holdings
Withdrawn status Lost status Damaged status Not for loan Collection code Home library Current library Date acquired Bill Date Full call number Accession Number Price effective from Koha item type
        Docas Books NASSDOC Library NASSDOC Library 12/09/2016 2004-10-25 320.954 AUS-D D000139 18/04/2019 Books